banner-ar

تدريب المدرب : (Record no. 62571)

MARC details
000 -الفاتح
حقل البيانات ثابتة الطول 01041nam a22002537a 4500
005 - وقت وتاريخ اخر تعامل مع التسجيلة
رقم الضبط 20240530110556.0
008 - عناصر البيانات ثابتة الطول - معلومات عامة
حقل البيانات ثابتة الطول 160308s2013 ua a g b 000 0dara d
017 ## - رقم الايداع القانونى
رقم الايداع القانونى 20095
المصدر ( الهيئة المختصة) مصر . دار الكتب المصرية
020 ## - الرقم الدولى المعيارى للكتب
الرقم الدولى المعيارى للكتاب 9789773771534
040 ## - مصدر الفهرسة
وكالة الفهرسة الأصلية EG-CaGPL
082 04 - رقم تصنيف ديوى العشرى
رقم الطبعة 21
رقم التصنيف 658.312404\
رقم المادة ب ت
100 1# - المدخل الرئيسى - إسم شخصى
الإسم الشخصى بركينبيل ، ميخائيل
245 10 - بيان العنوان
العنوان تدريب المدرب :
بقية العنوان دليل عملى للمدربين و الحاضرين و المختصين /
بيان المسئوليه,etc تاليف ميخائيل بركينبيل ؛ ترجمة حسام الشيمى
250 ## - بيان الطبعة
بيان الطبعة ط1
260 ## - PUBLICATION, DISTRIBUTION, ETC. (IMPRINT)
تاريخ النشر أو التوزيع 2013 .
300 ## - الوصف المادى
التعداد 438 ص :
تفاصيل ماديه اخرى للوعاء ايض ؛
أبعاد الوعاء 24 سم .
504 ## - تبصرة ببليوجرافية
تبصرة ببليوجرافية,الخ يشتمل على ارجاعات ببليوجرافية
650 04 - المدخل الاضافى بالموضوع-مصطلح موضوعى
مصطلح موضوعي التدريب المهنى
650 04 - المدخل الاضافى بالموضوع-مصطلح موضوعى
مصطلح موضوعي الدورات التدريبية
650 04 - المدخل الاضافى بالموضوع-مصطلح موضوعى
مصطلح موضوعي التوجية الادارى
700 0# - المدخل الاضافى - اسم شخصى
الإسم الشخصى حسام الشيمى
الدور مترجم
942 ## - عناصر المدخل الإضافي( كوها)
مصدر التصنيف او مخطط الترفيف Dewey Decimal Classification
Koha [default] item type كتاب
260 ## - PUBLICATION, DISTRIBUTION, ETC. (IMPRINT)
-- تالقاهرة :
-- مجموعة النيل العربية ،
Holdings
حالة التراجع حالة الفقد حالة تلف ليس للاعارة المكان المؤقت الموقع الحالى تاريخ الاكتساب اجمالي اﻻعارات رقم الطلب الباركود تاريخ اخر مشاهدة تاريخ تفعيل السعر نوع وعاء كوها
        مكتبة القاهرة الكبرى مكتبة القاهرة الكبرى 08/28/2016   658.312404\ ب ت 162339 08/28/2016 08/28/2016 كتاب

Powered By

EGPV